000 00893nam a2200253Ia 4500
003 OSt
005 20220923224517.0
006 a|||||r|||| 00| 0
007 ta
008 220922b |||||||| |||| 00| 0 hin d
020 _c1125
024 _a237,444
037 _b556, 23/03/2009, Vani Prakashan
_cTextual
040 _aARTS
_cARTS
_bhin
041 _2hin
_ahin
082 _aO15,2D40,1, 152N9
100 _aकालिदास; मोहन राकेश, अनु.
_9168061
245 0 _aशाकुन्तल
246 _aShākuntala
260 _aनई दिल्ली
_b राष्ट्रीय नाटय विद्यालय
_c1999
300 _a203पृ.
_ccm.
942 _hO15,2D40,1, 152N9
_cTEXL
_2CC
999 _c371904
_d371904